Geography Quiz

Random Geography or Asia Quiz

Fix the Asia Map Quiz Stats

 Plays Quiz Updated Aug 18, 2016

Also try: Fix the Europe Map
Challenge
Share
Tweet
Score 0/16 Timer 03:00
31 Plays Today
% Correct
Tokyo
94%
MONGOLIA
93.5%
Pyongyang
91.6%
CAMBODIA
89.5%
PHILIPPINES
82.8%
MYANMAR
82.5%
OMAN
81%
Male
81%
% Correct
SYRIA
80.6%
Kathmandu
76.2%
Singapore
75.8%
IRAN
72.7%
TAJIKISTAN
71.9%
Istanbul
70.4%
Doha
64.4%
Ho Chi Minh City
56.1%

You're not logged in!

Compare scores with friends on all Sporcle quizzes.
Join for Free
OR
Log In

You Might Also Like...

Show Comments

Extras

Top Quizzes Today


Score Distribution

Your Account Isn't Verified!

In order to create a playlist on Sporcle, you need to verify the email address you used during registration. Go to your Sporcle Settings to finish the process.

Report this User

Report this user for behavior that violates our Community Guidelines.

Details: